000 01180nam a2200337Ia 4500
003 GCL
005 20240530101846.0
008 140319s9999 xx 000 0 ara d
040 _aGCL /
_cGCL
082 0 4 _a962.048/
_bق/ب م
_221
100 1 _aبيرك، جاك
245 1 0 _aمصر الامبريالية وثورة1919 /
_cتاليف بيرك، جاك ؛ ترجمة يونس شاهين
260 _a[S.N] :
_bالهيئة المصرية العامة للكتاب ،
_c1987
300 _a398 ص
650 0 4 _aالعصر الحديث
650 0 4 _aمصر
650 0 4 _aتاريخ
650 0 4 _aالاحوال الاجتماعية
650 0 4 _aالاحوال السياسية
650 0 4 _aالديمقراطية
650 0 4 _aالتنمية الاقتصادية
650 0 4 _aالدستور
650 0 4 _aالاحزاب السياسية
650 0 4 _aالملك فؤاد
650 0 4 _aالسلوك الاجتماعى
650 0 4 _aالطبقات الاجتماعية
650 0 4 _aالبورجوازية
650 0 4 _aمصر - تاريخ - العصر الحديث - ثورة 1919
700 0 _aيونس شاهين
_eمترجم
942 _2ddc
_cBK
999 _c28235
_d28235